000
00215nam a2200097Ia 4500
008
220204s9999 xx 000 0 und d
082
_a
82-3
_b
HIT
100
_a
Hitching, Francis
245
0
_a
Earth magic
942
_c
BK
999
_c
32254
_d
32254